00749nam a22001937a 4500999001900000005001700019010001300036020002600049035001300075037003900088082001200127100002500139245009000164260005600254270005300310300002400363942002600387952014200413 c181749d18174920221017162211.0 aB-746001 a9788126930081c595.00 aB-746001 bAtlantic Publishers & Distributors a891.109 aBhelkar, Ratnakar D. aIndian literature:btranslated texts, indianness and beyond /cby Ratnakar D. Bhelkar aNew DelhibAtlantic Publishers & Distributorsc2019 a7/22 ,Ansari Road, Daryaganj,bNew Delhie110002 avi, 164p.c22cm(Hb) 2ddccENmBHEh891.109 001040708NFICaLbLd2022-10-17eGiftg595.00l2m2o891.109 BHEpB-746001r2025-10-24 00:00:00s2025-10-06t1v595.00w2022-10-17yEN